• 首页
  • 本馆介绍
  • 公告通知
  • 最新文献
  • 馆藏检索
  • 电子资源
  • 读者导购
  • 参考咨询
  • 我的图书馆
  • 登录
  • 详细信息显示
  • 放入我的书架
  • 预约/预借图书
  • 作者相关作品
  • 分类相关作品
  • 丛书相关作品
  • 出版社相关作品

书目信息

  • 表格格式
  • 工作单格式
  • 卡片格式
题名:
三居装饰
    
 
作者: 丁方 编著
分册:  
出版信息: 北京   清华大学出版社  2016.2
页数: 158页
开本: 19×21cm
丛书名:
单 册:
中图分类: TU767.7
科图分类:
主题词: 住宅--室内装修
电子资源:
ISBN: 978-7-302-42101-6
000 00898nam0 2200241 450
001 0400001975
005 20171019210741.0
010    @a978-7-302-42101-6@dCNY39.00
100    @a20160121d2016 em y0chiy50 ea
101 0  @achi
102    @aCN@b110000
105    @aa z 000yy
106    @ar
200 1  @a三居装饰@9san ju zhuang shi@b专著@e就要有格调@f丁方编著
210    @a北京@c清华大学出版社@d2016.2
215    @a158页@c彩图@d19×21cm
300    @a家装故事汇
330    @a本书结合大量实例(不乏大量获奖作品),以主人公心情故事的形式,以点带面,从真实、简单的问题出发讲解三居室的装修知识。内容包括漫步芝加哥——当现代美式遇到中式古典、书天下——巧用零碎空间、新美式风情——边角的拓展利用、香草薄荷——教你打造欧范儿等。
606 0  @a住宅@x室内装修
690    @aTU767.7@v5
701  0 @a丁方@9ding fang@c(女)@4编著
801  0 @aCN@b91MARC@c20171019
905    @b1031140-4@dTU767.7@f5@e1121
    
    三居装饰:就要有格调/丁方编著.-北京:清华大学出版社,2016.2
    158页:彩图;19×21cm
    家装故事汇
    
    ISBN 978-7-302-42101-6:CNY39.00
    本书结合大量实例(不乏大量获奖作品),以主人公心情故事的形式,以点带面,从真实、简单的问题出发讲解三居室的装修知识。内容包括漫步芝加哥——当现代美式遇到中式古典、书天下——巧用零碎空间、新美式风情——边角的拓展利用、香草薄荷——教你打造欧范儿等。
●
相关链接 在E读中查询图书 在五车中查询图书 在当当中查询图书 在豆瓣中查询图书


正题名:三居装饰     索取号:TU767.7/1121         预约/预借

序号 登录号 条形码 馆藏地/架位号 状态 备注
1 1031140   210311401   第二样本阅览室/ [索取号:TU767.7/1121] 在馆    
2 1031141   210311410   密集书库-生命科学系/ [索取号:TU767.7/1121] 在馆    
3 1031142   210311429   第三借阅区/ [索取号:TU767.7/1121] 在馆    
4 1031143   210311438   第三借阅区/ [索取号:TU767.7/1121] 在馆    
5 1031144   210311447   第三借阅区/ [索取号:TU767.7/1121] 在馆    
唐山师范学院图书馆 欢迎您!
大连网信软件有限公司© 版权所有